All fish species in Call of the Wild: theAngler - Statistics

General Stats
  • This quiz has been taken 14 times
  • The average score is 20 of 96
Answer Stats
Reserve Fish Species % Correct
Golden Ridge Reserve Largemouth Bass
100%
Aguas Claras Largemouth Bass
100%
Golden Ridge Reserve Smallmouth Bass
86%
Izilo Zasendulo Smallmouth Bass
86%
Golden Ridge Reserve Rainbow Trout
71%
Kamuibetsu National Park Rainbow Trout
71%
Golden Ridge Reserve Bluegill
57%
Golden Ridge Reserve Channel Catfish
57%
Aguas Claras Common Carp
57%
Izilo Zasendulo Common Carp
57%
Golden Ridge Reserve Northern Pike
57%
Trollsporet Nature Reserve Northern Pike
57%
Aguas Claras Northern Pike
57%
Trollsporet Nature Reserve Atlantic Salmon
29%
Golden Ridge Reserve Black Crappie
29%
Izilo Zasendulo Blue Kurper
29%
Trollsporet Nature Reserve Brown Trout
29%
Aguas Claras Brown Trout
29%
Golden Ridge Reserve Golden Trout
29%
Aguas Claras Mirror Carp
29%
Izilo Zasendulo Mirror Carp
29%
Kamuibetsu National Park Mozambique Tilapia
29%
Golden Ridge Reserve Rock Bass
29%
Kamuibetsu National Park Sockeye Salmon
29%
Izilo Zasendulo Spotted Bass
29%
Aguas Claras Wels Catfish
29%
Golden Ridge Reserve White Crappie
29%
Golden Ridge Reserve Yellow Perch
29%
Izilo Zasendulo African Mottled Eel
14%
Izilo Zasendulo African Sharptooth Catfish
14%
Trollsporet Nature Reserve Alpine Bullhead
14%
Kamuibetsu National Park Amur Catfish
14%
Aguas Claras Andalusian Barbel
14%
Trollsporet Nature Reserve Arctic Char
14%
Trollsporet Nature Reserve Asp
14%
Trollsporet Nature Reserve Bream
14%
Golden Ridge Reserve Brook Trout
14%
Kamuibetsu National Park Brook Trout
14%
Trollsporet Nature Reserve Bullhead Catfish
14%
Golden Ridge Reserve Burbot
14%
Trollsporet Nature Reserve Burbot
14%
Izilo Zasendulo Canary Kurper
14%
Kamuibetsu National Park Cherry Salmon
14%
Kamuibetsu National Park Chum Salmon
14%
Aguas Claras Comizo Barbel
14%
Trollsporet Nature Reserve Common Dace
14%
Aguas Claras Crucian Carp
14%
Golden Ridge Reserve Cutthroat Trout
14%
Trollsporet Nature Reserve European Bullhead
14%
Trollsporet Nature Reserve European Perch
14%
Golden Ridge Reserve Freshwater Drum
14%
Izilo Zasendulo Grass Carp
14%
Golden Ridge Reserve Green Sunfish
14%
Trollsporet Nature Reserve Ide
14%
Kamuibetsu National Park Japanese Dace
14%
Kamuibetsu National Park Japanese Eel
14%
Kamuibetsu National Park Japanese Freshwater Crab
14%
Golden Ridge Reserve Kokanee Salmon
14%
Izilo Zasendulo Largemouth Yellowfish
14%
Izilo Zasendulo Moggel
14%
Izilo Zasendulo Purple Labeo
14%
Izilo Zasendulo Redbreast Kurper
14%
Izilo Zasendulo Rednose Labeo
14%
Golden Ridge Reserve River Carpsucker
14%
Trollsporet Nature Reserve Roach
14%
Aguas Claras Roach
14%
Aguas Claras Rudd
14%
Trollsporet Nature Reserve Ruffe
14%
Kamuibetsu National Park Sakhalin Taimen
14%
Golden Ridge Reserve Sauger
14%
Golden Ridge Reserve Signal Crayfish
14%
Izilo Zasendulo Smallmouth Yellowfish
14%
Golden Ridge Reserve Tiger Muskie
14%
Golden Ridge Reserve Walleye
14%
Kamuibetsu National Park Whitespotted Char
14%
Trollsporet Nature Reserve Zander
14%
Aguas Claras Zander
14%
Izilo Zasendulo African Tigerfish
0%
Kamuibetsu National Park Ayu Sweetfish
0%
Trollsporet Nature Reserve Chub
0%
Kamuibetsu National Park Dolly Varden Trout
0%
Aguas Claras European Eel
0%
Kamuibetsu National Park Feral Koi
0%
Trollsporet Nature Reserve Grayling
0%
Kamuibetsu National Park Japanese Smelt
0%
Golden Ridge Reserve Lake Trout
0%
Kamuibetsu National Park Magoi
0%
Golden Ridge Reserve Mountain Whitefish
0%
Kamuibetsu National Park Northern Snakehead
0%
Golden Ridge Reserve Ohrid Trout
0%
Kamuibetsu National Park Pond Loach
0%
Aguas Claras Pumpkinseed
0%
Golden Ridge Reserve Shovelnose Sturgeon
0%
Aguas Claras Tench
0%
Aguas Claras Thicklip Mullet
0%
Aguas Claras Thinlip Mullet
0%
No matching quizzes found
Score Distribution
Percent of People with Each Score
Percentile by Number Answered
Your Score History
You have not taken this quiz